NCAA Division II Men's Basketball Teams - Statistics

General Stats
  • This quiz has been taken 294 times
    182 since last reset
  • The average score is 135 of 302
Answer Stats
Conference Team % Correct
PSAC IUP Crimson Hawks
79%
PSAC California (PA) Vulcans
72%
GNAC Alaska-Anchorage Seawolves
70%
GNAC Alaska Nanooks
68%
CCAA Cal Poly Pomona Broncos
68%
Mountain East Charleston (WV) Golden Eagles
68%
GLIAC Michigan Tech Huskies
68%
GLIAC Northern Michigan Wildcats
68%
PSAC Shippensburg Raiders
68%
PSAC Slippery Rock Rock
68%
Sunshine State Tampa Spartans
68%
GSC Valdosta State Blazers
68%
CACC Bridgeport Purple Knights
66%
CCAA Chico State Wildcats
66%
PSAC Edinboro Fighting Scots
66%
G-MAC Findlay Oilers
66%
MIAA Fort Hays State Tigers
66%
PSAC Kutztown Golden Bears
66%
NSIC Mary Marauders
66%
NSIC Minnesota-Duluth Bulldogs
66%
G-MAC Tiffin Dragons
66%
SIAC Tuskegee Golden Tigers
66%
PSAC West Chester Golden Rams
66%
CACC Bloomfield Bears
64%
PSAC Bloomsburg Huskies
64%
PSAC Clarion Golden Eagles
64%
GLIAC Ferris State Bulldogs
64%
G-MAC Hillsdale Chargers
64%
PSAC Lock Haven Bald Eagles
64%
MIAA Pittsburg State Gorillas
64%
GSC West Florida Argonauts
64%
G-MAC Ashland Eagles
62%
Peach Belt Augusta Jaguars
62%
PSAC East Stroudsburg Warriors
62%
GLVC Indianapolis Greyhounds
62%
NSIC Minnesota State Mavericks
62%
GLVC UIS Prairie Stars
62%
SAC Wingate Bulldogs
62%
SAC Anderson Trojans
60%
NSIC Bemidji State Beavers
60%
CIAA Bowie State Bulldogs
60%
CACC Caldwell Cougars
60%
CCAA Cal State Los Angeles Golden Eagles
60%
CCAA Cal State San Bernardino Coyotes
60%
RMAC CSU-Pueblo ThunderWolves
60%
MIAA Emporia State Hornets
60%
SIAC Kentucky State Thorobreds
60%
SAC Mars Hill Lions
60%
GSC Montevallo Falcons
60%
MIAA Nebraska-Kearney Lopers
60%
PSAC Pitt-Johnstown Mountain Cats
60%
CCAA San Francisco State Gators
60%
Independent UPR Mayaguez Bulldogs
60%
Peach Belt USC Aiken Pacers
60%
GLIAC Wayne State (MI) Warriors
60%
NSIC Wayne State (NE) Wildcats
60%
Mountain East Wheeling Cardinals
60%
CIAA Winston-Salem State Rams
60%
CCAA Cal State San Marcos Cougars
58%
G-MAC Cedarville Yellow Jackets
58%
MIAA Central Missouri Mules
58%
Lone Star Eastern New Mexico Greyhounds
58%
PSAC Mansfield Mountaineers
58%
ECC Mercy Mavericks
58%
MIAA Northwest Missouri State Bearcats
58%
PSAC Shepherd Rams
58%
NSIC Sioux Falls Cougars
58%
NSIC St. Cloud State Huskies
58%
G-MAC Thomas More Saints
58%
CC UNC Pembroke Braves
58%
Independent UPR Bayamon Cowboys
58%
Lone Star UT Tyler Patriots
58%
SAC UVA Wise Cavaliers
58%
Lone Star Western New Mexico Mustangs
58%
GSC Alabama-Huntsville Chargers
57%
Mountain East Frostburg State Bobcats
57%
NSIC Minnesota State-Moorhead Dragons
57%
MIAA Missouri Southern State Lions
57%
CC Mount Olive Trojans
57%
GLVC Quincy Hawks
57%
Independent Salem Tigers
57%
SIAC Savannah State Tigers
57%
Lone Star Texas A&M-Kingsville Javelinas
57%
Independent UPR Rio Piedras Gallitos
57%
NSIC Winona State Warriors
57%
Lone Star Arkansas-Fort Smith Lions
55%
PacWest Azusa Pacific Cougars
55%
Peach Belt Columbus State Cougars
55%
PacWest Hawaii-Hilo Vulcans
55%
PSAC Millersville Marauders
55%
NSIC Minnesota-Crookston Golden Eagles
55%
NSIC Minot State Beavers
55%
SAC Newberry Wolves
55%
NE-10 New Haven Chargers
55%
CIAA Virginia State Trojans
55%
RMAC Western Colorado Mountaineers
55%
GNAC Western Washington Vikings
55%
RMAC Adams State Grizzlies
53%
SIAC Albany State Golden Rams
53%
GAC Arkansas-Monticello Boll Weevils
53%
GSC Auburn Montgomery Warhawks
53%
RMAC Colorado Mines Orediggers
53%
GLIAC Grand Valley State Lakers
53%
GLVC Missouri S&T Miners
53%
MIAA Missouri Western State Griffons
53%
ECC Queens (NY) Knights
53%
GNAC Simon Fraser Red Leafs
53%
ECC Staten Island Dolphins
53%
Sunshine State St. Leo Lions
53%
GNAC Western Oregon Wolves
53%
CACC Wilmington Wildcats
53%
CC Young Harris Mountain Lions
53%
Lone Star Angelo State Rams
51%
GNAC Central Washington Wildcats
51%
RMAC Chadron State Eagles
51%
PacWest Chaminade Silverswords
51%
CACC Jefferson Rams
51%
GLVC Maryville Saints
51%
PSAC Mercyhurst Lakers
51%
SIAC Morehouse Maroon Tigers
51%
GLIAC Saginaw Valley State Cardinals
51%
CIAA Shaw Bears
51%
Mountain East West Liberty Hilltoppers
51%
NE-10 American International Yellow Jackets
49%
CIAA Bluefield State Big Blues
49%
CCAA Cal State East Bay Pioneers
49%
ECC District of Columbia Firebirds
49%
SIAC Fort Valley State Wildcats
49%
PacWest Hawaii Pacific Sharks
49%
CC King Tornados
49%
RMAC New Mexico Highlands Cowboys
49%
Mountain East Notre Dame College Falcons
49%
GNAC Seattle Pacific Falcons
49%
Lone Star Texas-Permian Basin Falcons
49%
GSC West Alabama Tigers
49%
Lone Star West Texas A&M Buffaloes
49%
RMAC Black Hills State Yellow Jackets
47%
RMAC Colorado Christian Cougars
47%
CACC Post Eagles
47%
NE-10 SNHU Penmen
47%
NE-10 Assumption Greyhounds
45%
MIAA Central Oklahoma Bronchos
45%
SIAC Central State Marauders
45%
NE-10 Franklin Pierce Ravens
45%
MIAA Lincoln (MO) Blue Tigers
45%
CIAA Lincoln (PA) Lions
45%
RMAC Metro State Roadrunners
45%
GNAC Montana State Billings Yellowjackets
45%
Peach Belt North Georgia Nighthawks
45%
NE-10 Pace Setters
45%
GSC West Georgia Wolves
45%
RMAC Westminster Griffins
45%
NE-10 Bentley Falcons
43%
CCAA Cal State Dominguez Hills Toros
43%
Mountain East Davis & Elkins Senators
43%
Mountain East Fairmont State Fighting Falcons
43%
CACC Felician Golden Falcons
43%
Sunshine State Florida Southern Moccasins
43%
PacWest Fresno Pacific Sunbirds
43%
GLIAC Lake Superior State Lakers
43%
Sunshine State Nova Southeastern Sharks
43%
Lone Star Oklahoma Christian Eagles
43%
Lone Star St. Mary's (TX) Rattlers
43%
GLVC UMSL Tritons
43%
NE-10 Adelphi Panthers
42%
Mountain East Concord Mountain Lions
42%
CIAA Fayetteville State Broncos
42%
PSAC Gannon Golden Knights
42%
GLVC Lewis Flyers
42%
GAC Ouachita Baptist Tigers
42%
GLIAC Parkside Rangers
42%
Mountain East West Virginia State Yellow Jackets
42%
PacWest Academy of Art Urban Knights
40%
GAC Arkansas Tech Wonder Boys
40%
NSIC Augustana Vikings
40%
CC Belmont Abbey Crusaders
40%
CCAA Cal Poly Humboldt Lumberjacks
40%
SIAC Clark Atlanta Panthers
40%
RMAC Colorado Mesa Mavericks
40%
CIAA Elizabeth City State Vikings
40%
Sunshine State Embry-Riddle Eagles
40%
Peach Belt Flagler Saints
40%
CACC Georgian Court Lions
40%
SAC Lenoir-Rhyne Bears
40%
GAC Oklahoma Baptist Bison
40%
RMAC Regis Rangers
40%
NE-10 Southern Connecticut State Owls
40%
GAC Southwestern Oklahoma State Bulldogs
40%
CCAA Stanislaus State Warriors
40%
GLVC Truman Bulldogs
40%
RMAC UCCS Mountain Lions
40%
MIAA Washburn Ichabods
40%
Sunshine State Barry Buccaneers
38%
PacWest Concordia-Irvine Eagles
38%
NSIC Concordia-St. Paul Golden Bears
38%
Lone Star Dallas Baptist Patriots
38%
GLIAC Davenport Panthers
38%
Mountain East Glenville State Pioneers
38%
G-MAC Lake Erie Storm
38%
GSC Lee Flames
38%
G-MAC Malone Pioneers
38%
CCAA Sonoma State Seawolves
38%
GLVC Upper Iowa Peacocks
38%
CIAA Virginia Union Panthers
38%
PacWest Westmont Warriors
38%
SIAC Allen Yellow Jackets
36%
ECC Daemen Wildcats
36%
Lone Star Midwestern State Mustangs
36%
MIAA Northeastern State RiverHawks
36%
GAC Northwestern Oklahoma State Rangers
36%
GNAC Northwest Nazarene Nighthawks
36%
GLVC Rockhurst Hawks
36%
RMAC South Dakota Mines Hardrockers
36%
GAC Southeastern Oklahoma State Savage Storm
36%
G-MAC Walsh Cavaliers
36%
GLVC William Jewell Cardinals
36%
CC Erskine Flying Fleet
34%
RMAC Fort Lewis Skyhawks
34%
Sunshine State Lynn Fighting Knights
34%
GLVC McKendree Bearcats
34%
CC North Greenville Crusaders
34%
PacWest Point Loma Nazarene Sea Lions
34%
GLIAC Purdue Northwest Pride
34%
GAC Southern Arkansas Muleriders
34%
NE-10 St. Anselm Hawks
34%
NE-10 St. Michael's Purple Knights
34%
PacWest Biola Eagles
32%
CCAA Cal State Monterey Bay Otters
32%
GLVC Drury Panthers
32%
GAC Harding Bisons
32%
GAC Henderson State Reddies
32%
Lone Star Lubbock Christian Chaparrals
32%
GSC Mississippi College Choctaws
32%
G-MAC Northwood Timberwolves
32%
MIAA Rogers State Hillcats
32%
CIAA St. Augustine's Falcons
32%
Lone Star Sul Ross State Lobos
32%
Lone Star Texas A&M International Dustdevils
32%
SAC Tusculum Pioneers
32%
PacWest Dominican (CA) Penguins
30%
CACC Dominican (NY) Chargers
30%
ECC D'Youville Saints
30%
Sunshine State Florida Tech Panthers
30%
G-MAC Kentucky Wesleyan Panthers
30%
SAC Limestone Saints
30%
G-MAC Ohio Dominican Panthers
30%
CC Barton Bulldogs
28%
SIAC Benedict Tigers
28%
GSC Delta State Statesmen
28%
GAC East Central Tigers
28%
SAC Emory & Henry Wasps
28%
PacWest Menlo Oaks
28%
NSIC Northern State Wolves
28%
NSIC Southwest Minnesota State Mustangs
28%
Lone Star St. Edward's Hilltoppers
28%
GNAC St. Martin's Saints
28%
NE-10 St. Rose Golden Knights
28%
GSC Union (TN) Bulldogs
28%
Lone Star Cameron Aggies
26%
CC Chowan Hawks
26%
SIAC LeMoyne-Owen Magicians
26%
SIAC Miles Golden Bears
26%
ECC Roberts Wesleyan Redhawks
26%
Sunshine State Rollins Tars
26%
GAC Southern Nazarene Crimson Storm
26%
GLVC Southwest Baptist Bearcats
26%
ECC St. Thomas Aquinas Spartans
26%
G-MAC Trevecca Nazarene Trojans
26%
Peach Belt USC Beaufort Sand Sharks
26%
Mountain East West Virginia Wesleyan Bobcats
26%
SAC Catawba Indians
25%
GSC Christian Brothers Buccaneers
25%
Peach Belt Georgia Southwestern State Hurricanes
25%
CACC Goldey-Beacom Lightning
25%
CACC Holy Family Tigers
25%
CIAA Johnson C. Smith Golden Bulls
25%
SIAC Lane Dragons
25%
CC Lees-McRae Bobcats
25%
CIAA Livingstone Blue Bears
25%
ECC Molloy Lions
25%
Sunshine State Palm Beach Atlantic Sailfish
25%
SIAC Spring Hill Badgers
25%
CACC Chestnut Hill Griffins
23%
CIAA Claflin Panthers
23%
Peach Belt Clayton State Lakers
23%
CC Emmanuel Lions
23%
CC Francis Marion Patriots
23%
Peach Belt Georgia College Bobcats
23%
SAC Lincoln Memorial Railsplitters
23%
GLIAC Roosevelt Lakers
23%
PSAC Seton Hill Griffins
23%
GSC Shorter Hawks
23%
CC Southern Wesleyan Warriors
23%
CC Converse Valkyries
21%
Sunshine State Eckerd Tritons
21%
MIAA Newman Jets
21%
SAC Coker Cobras
19%
SIAC Edward Waters Tigers
19%
PacWest Jessup Warriors
19%
Peach Belt Lander Bearcats
17%
SAC Carson-Newman Eagles
15%
PacWest Vanguard Lions
15%
No matching quizzes found
Score Distribution
Percent of People with Each Score
Percentile by Number Answered
Your Score History
You have not taken this quiz since the last reset